000
00331 a2200145 4500
001
153615
040
_c
Escola São Tomás de Aquino
100
_a
GALDINO, Luiz
240
1
0
_a
A maldição de Édipo
_l
por
245
1
0
_a
A maldição de Édipo
362
0
_a
1998
440
1
_a
FTD
697
_a
*LITERATURA JUVENIL
942
_c
BK
999
_c
153615
_d
153615